000 00248nam a22000977a 4500
999 _c11296
_d11296
008 190205b ||||| |||| 00| 0 eng d
020 _a9781841261294
100 _aMildenberger
_97038
245 _aFit for Ever
260 _aUK
_bMeyer & Meyer Sport
_c2004